书目信息 |
| 题名: |
青少年学作曲
|
|
| 作者: | 龚耀年 著 | |
| 分册: | ||
| 出版信息: | 上海 上海音乐出版社 1994.12 |
|
| 页数: | 157页 | |
| 开本: | 20cm | |
| 丛书名: | ||
| 单 册: | ||
| 中图分类: | J614 | |
| 科图分类: | ||
| 主题词: | 音乐--技术--理论 , 音乐--技术--方法 | |
| 电子资源: | ||
| ISBN: | 7-80553-552-3 | |
| 000 | 00603nam0 2200205 450 | |
| 001 | 1435470318 | |
| 005 | 20141103095204.89 | |
| 010 | @a7-80553-552-3@dCNY5.00 | |
| 100 | @a20141103d1994 km y0chiy0120 ea | |
| 101 | 0 | @achi |
| 102 | @aCN@b310000 | |
| 200 | 1 | @a青少年学作曲@Aqing shao nian xue zuo qu@f龚耀年著@Fgong yao nian zhu |
| 210 | @a上海@c上海音乐出版社@d1994.12 | |
| 215 | @a157页@d20cm | |
| 606 | 0 | @a音乐@x技术@x理论 |
| 606 | 0 | @a音乐@x技术@x方法 |
| 690 | @aJ614@v4 | |
| 701 | 0 | @a龚耀年@Agong yao nian@4著 |
| 801 | 0 | @aCN@b大连网信软件有限公司图书馆·11@c20141103 |
| 905 | @aZUCC@dJ614@eG396 | |
| 青少年学作曲/龚耀年著.-上海:上海音乐出版社,1994.12 |
| 157页;20cm |
| ISBN 7-80553-552-3:CNY5.00 |
| ● |
| 相关链接 |
|
|
|
正题名:青少年学作曲
索取号:J614/G396
 
预约/预借
| 序号 | 登录号 | 条形码 | 馆藏地/架位号 | 状态 | 备注 |
| 1 | 208349 | 202083495 | 社科库309/309社科库 92排2列1层/ [索取号:J614/G396] | 在馆 |